[Event "National Elementary Championship"]
[Site "Columbus, Ohio, United States"]
[Date "2022.05.14"]
[Round "4.1"]
[White "Liu, Eric"]
[Black "Ziegler, Nate"]
[Result "1-0"]
[TimeControl "G/90;d5"]
[WhiteElo "2166"]
[BlackElo "1985"]

1. e4 {[%clk 01:30:00]} c5 {[%clk 01:30:00]} {[%emt 00:00:14]} 2. Nf3 {[%clk
01:30:00]} Nc6 {[%clk 01:30:00]} {[%emt 00:00:10]} 3. d4 {[%clk 01:30:00]} cxd4
{[%clk 01:30:00]} 4. Nxd4 {[%clk 01:30:00]} e5 {[%clk 01:30:00]} {[%emt
00:00:21]} 5. Nb5 {[%clk 01:30:00]} d6 {[%clk 01:29:53]} {[%emt 00:00:03]} 6.
c4 {[%clk 01:30:00]} Be7 {[%clk 01:29:37]} {[%emt 00:00:18]} 7. N5c3 {[%clk
01:29:42]} {[%emt 00:00:24]} f5 {[%clk 01:24:50]} {[%emt 00:05:00]} 8. exf5
{[%clk 01:29:30]} {[%emt 00:00:08]} Bxf5 {[%clk 01:24:49]} {[%emt 00:00:31]} 9.
Bd3 {[%clk 01:29:28]} {[%emt 00:00:04]} Be6 {[%clk 01:24:39]} {[%emt 00:00:04]}
10. Nd5 {[%clk 01:28:55]} {[%emt 00:00:28]} Nf6 {[%clk 01:23:58]} {[%emt
00:00:45]} 11. Nbc3 {[%clk 01:28:33]} {[%emt 00:00:36]} O-O {[%clk 01:22:20]}
{[%emt 00:01:36]} 12. O-O {[%clk 01:24:43]} {[%emt 00:03:52]} Qd7 {[%clk
01:21:13]} {[%emt 00:01:12]} 13. b3 {[%clk 01:14:04]} {[%emt 00:10:45]} Rae8
{[%clk 01:20:50]} {[%emt 00:00:28]} 14. Nxf6+ {[%clk 01:03:38]} {[%emt
00:10:31]} gxf6 {[%clk 01:16:07]} {[%emt 00:04:54]} 15. Be4 {[%clk 00:48:22]}
{[%emt 00:15:16]} f5 {[%clk 01:15:08]} {[%emt 00:01:03]} 16. Bd5 {[%clk
00:48:18]} {[%emt 00:00:12]} Rf6 {[%clk 01:14:46]} {[%emt 00:00:24]} 17. Bxe6+
{[%clk 00:46:19]} {[%emt 00:02:14]} Rxe6 {[%clk 01:14:20]} {[%emt 00:00:26]} 18.
Nd5 {[%clk 00:44:55]} {[%emt 00:01:24]} Bf8 {[%clk 01:13:54]} {[%emt 00:01:03]}
19. f4 {[%clk 00:40:55]} {[%emt 00:03:32]} Nd4 {[%clk 01:11:41]} {[%emt
00:02:17]} 20. Bb2 {[%clk 00:34:57]} {[%emt 00:06:06]} Bg7 {[%clk 01:10:31]}
{[%emt 00:01:12]} 21. fxe5 {[%clk 00:30:14]} {[%emt 00:04:58]} dxe5 {[%clk
01:10:30]} {[%emt 00:00:03]} 22. Rxf5 {[%clk 00:21:06]} {[%emt 00:09:07]} Rg6
{[%clk 01:08:04]} {[%emt 00:02:29]} 23. Rf2 {[%clk 00:20:10]} {[%emt 00:01:14]}
b5 {[%clk 01:04:56]} {[%emt 00:03:18]} 24. Bxd4 {[%clk 00:15:06]} {[%emt
00:04:53]} exd4 {[%clk 01:04:48]} {[%emt 00:00:40]} 25. Qd3 {[%clk 00:14:58]}
bxc4 {[%clk 01:01:51]} {[%emt 00:03:12]} 26. bxc4 {[%clk 00:14:52]} {[%emt
00:00:04]} Rge6 {[%clk 01:01:27]} {[%emt 00:00:11]} 27. Raf1 {[%clk 00:14:06]}
{[%emt 00:00:53]} Re1 {[%clk 00:59:31]} {[%emt 00:01:59]} 28. Qf3 {[%clk
00:10:12]} {[%emt 00:04:20]} Qa4 {[%clk 00:54:20]} {[%emt 00:04:55]} 29. Nc7
{[%clk 00:07:44]} {[%emt 00:02:32]} Rxf1+ {[%clk 00:51:48]} {[%emt 00:02:38]}
30. Rxf1 {[%clk 00:07:44]} {[%emt 00:00:23]} Rf8 {[%clk 00:46:10]} {[%emt
00:05:26]} 31. Qd5+ {[%clk 00:07:39]} {[%emt 00:00:11]} Kh8 {[%clk 00:46:10]}
{[%emt 00:00:04]} 32. Rxf8+ {[%clk 00:07:35]} {[%emt 00:00:11]} Bxf8 {[%clk
00:46:06]} {[%emt 00:00:06]} 33. Qxd4+ {[%clk 00:07:30]} {[%emt 00:00:13]} Kg8
{[%clk 00:46:02]} {[%emt 00:00:05]} 34. Qd5+ {[%clk 00:04:56]} {[%emt
00:02:40]} Kh8 {[%clk 00:45:06]} {[%emt 00:01:00]} 35. Qe5+ {[%clk 00:02:53]}
{[%emt 00:02:08]} Kg8 {[%clk 00:44:58]} {[%emt 00:00:15]} 36. Qe6+ {[%clk
00:02:53]} {[%emt 00:00:07]} Kh8 {[%clk 00:44:30]} {[%emt 00:00:24]} 37. Qf6+
{[%clk 00:02:53]} {[%emt 00:00:33]} Kg8 {[%clk 00:44:21]} 38. Ne6 {[%clk
00:02:45]} Qd1+ {[%clk 00:43:37]} {[%emt 00:00:48]} 39. Qf1 {[%clk 00:02:38]}
{[%emt 00:00:13]} Bc5+ {[%clk 00:43:22]} {[%emt 00:00:15]} 40. Nxc5 {[%clk
00:02:38]} {[%emt 00:00:21]} Qd4+ {[%clk 00:43:18]} 41. Qf2 {[%clk 00:02:38]}
{[%emt 00:00:16]} Qd1+ {[%clk 00:43:13]} 42. Qf1 {[%clk 00:02:38]} Qd4+ {[%clk
00:43:13]} {[%emt 00:00:07]} 43. Kh1 {[%clk 00:02:38]} Qxc5 {[%clk 00:43:13]}
44. Qd3 {[%clk 00:02:13]} {[%emt 00:00:22]} Qb4 {[%clk 00:42:16]} {[%emt
00:01:04]} 45. h3 {[%clk 00:02:03]} {[%emt 00:00:12]} Qe1+ {[%clk 00:41:58]}
{[%emt 00:00:29]} 46. Kh2 {[%clk 00:02:03]} Qe7 {[%clk 00:41:35]} {[%emt
00:00:23]} 47. Qd5+ {[%clk 00:01:56]} {[%emt 00:00:17]} Kh8 {[%clk 00:41:29]}
{[%emt 00:00:11]} 48. c5 {[%clk 00:01:56]} {[%emt 00:00:06]} Qf6 {[%clk
00:40:53]} {[%emt 00:00:33]} 49. Qd6 {[%clk 00:01:56]} {[%emt 00:00:21]} 1-0

[Event "National Elementary Championship"]
[Site "Columbus, Ohio, United States"]
[Date "2022.05.14"]
[Round "4.2"]
[White "Shetty, Anshul"]
[Black "Vemparala, Nikash"]
[Result "1-0"]
[TimeControl "G/90;d5"]
[WhiteElo "2035"]
[BlackElo "2063"]

1. e4 {[%clk 01:30:00]} {[%emt 00:00:20]} e5 {[%clk 01:29:58]} {[%emt
00:00:03]} 2. Nf3 {[%clk 01:29:53]} {[%emt 00:00:04]} Nc6 {[%clk 01:29:57]}
{[%emt 00:00:08]} 3. d4 {[%clk 01:29:46]} {[%emt 00:00:11]} exd4 {[%clk
01:29:55]} {[%emt 00:00:20]} 4. Nxd4 {[%clk 01:29:46]} {[%emt 00:00:04]} Bc5
{[%clk 01:29:54]} 5. Nb3 {[%clk 01:29:37]} {[%emt 00:00:06]} Bb6 {[%clk
01:29:54]} {[%emt 00:00:06]} 6. Nc3 {[%clk 01:29:36]} {[%emt 00:00:06]} Nf6
{[%clk 01:29:38]} {[%emt 00:00:18]} 7. Bg5 {[%clk 01:29:28]} {[%emt 00:00:16]}
d6 {[%clk 01:29:29]} {[%emt 00:00:20]} 8. f3 {[%clk 01:29:18]} {[%emt
00:00:05]} Be6 {[%clk 01:28:22]} {[%emt 00:01:12]} 9. Qe2 {[%clk 01:28:57]}
{[%emt 00:00:38]} Qe7 {[%clk 01:27:19]} {[%emt 00:01:01]} 10. g4 {[%clk
01:26:46]} {[%emt 00:02:12]} O-O-O {[%clk 01:26:12]} {[%emt 00:01:46]} 11.
O-O-O {[%clk 01:26:22]} {[%emt 00:00:21]} h6 {[%clk 01:25:20]} {[%emt
00:01:00]} 12. Bh4 {[%clk 01:26:02]} g5 {[%clk 01:24:37]} {[%emt 00:00:43]} 13.
Be1 {[%clk 01:23:22]} {[%emt 00:02:45]} h5 {[%clk 01:22:14]} {[%emt 00:03:01]}
14. Bd2 {[%clk 01:19:39]} {[%emt 00:03:16]} Rdg8 {[%clk 01:19:18]} {[%emt
00:03:02]} 15. gxh5 {[%clk 01:10:09]} {[%emt 00:09:34]} Nxh5 {[%clk 01:18:02]}
{[%emt 00:01:24]} 16. Qe1 {[%clk 01:08:47]} {[%emt 00:01:29]} Ne5 {[%clk
01:16:07]} {[%emt 00:01:55]} 17. Be2 {[%clk 01:06:43]} {[%emt 00:02:09]} Qf6
{[%clk 01:15:04]} {[%emt 00:01:49]} 18. Na4 {[%clk 01:01:58]} {[%emt 00:04:09]}
Nxf3 {[%clk 01:08:52]} {[%emt 00:06:18]} 19. Nxb6+ {[%clk 01:01:50]} {[%emt
00:00:14]} axb6 {[%clk 01:08:44]} {[%emt 00:00:11]} 20. Bxf3 {[%clk 01:01:48]}
{[%emt 00:00:11]} Qxf3 {[%clk 01:08:32]} {[%emt 00:00:13]} 21. Nd4 {[%clk
00:59:06]} {[%emt 00:02:49]} Qh3 {[%clk 01:04:36]} {[%emt 00:04:23]} 22. Bc3
{[%clk 00:55:44]} {[%emt 00:03:02]} Rh6 {[%clk 00:59:02]} {[%emt 00:06:15]} 23.
e5 {[%clk 00:52:49]} {[%emt 00:02:24]} Bd5 {[%clk 00:51:14]} {[%emt 00:07:54]}
24. exd6 {[%clk 00:50:32]} {[%emt 00:02:23]} Rxd6 {[%clk 00:44:23]} {[%emt
00:07:15]} 25. Nb5 {[%clk 00:49:16]} {[%emt 00:01:03]} Rd7 {[%clk 00:43:06]}
{[%emt 00:01:21]} 26. Rg1 {[%clk 00:45:37]} {[%emt 00:03:46]} Qxh2 {[%clk
00:35:25]} {[%emt 00:07:42]} 27. Be5 {[%clk 00:44:31]} {[%emt 00:01:12]} Nf4
{[%clk 00:33:47]} {[%emt 00:01:43]} 28. Rd2 {[%clk 00:42:08]} {[%emt 00:02:28]}
Qh7 {[%clk 00:32:24]} {[%emt 00:01:28]} 29. Qg3 {[%clk 00:37:26]} {[%emt
00:04:46]} Ne6 {[%clk 00:30:56]} {[%emt 00:01:36]} 30. Qa3 {[%clk 00:36:53]}
{[%emt 00:00:35]} Kd8 {[%clk 00:26:01]} {[%emt 00:05:01]} 31. Bf6+ {[%clk
00:36:36]} {[%emt 00:00:22]} Ke8 {[%clk 00:25:55]} {[%emt 00:00:39]} 32. Qa8+
{[%clk 00:35:56]} {[%emt 00:00:20]} Nd8 {[%clk 00:25:06]} {[%emt 00:00:50]} 33.
Nxc7+ {[%clk 00:35:51]} {[%emt 00:00:10]} Kf8 {[%clk 00:24:52]} {[%emt
00:00:20]} 1-0

[Event "National Elementary Championship"]
[Site "Columbus, Ohio, United States"]
[Date "2022.05.14"]
[Round "4.3"]
[White "Bondalapati, Sri"]
[Black "Wang, Isaac"]
[Result "0-1"]
[TimeControl "G/90;d5"]
[WhiteElo "1919"]
[BlackElo "2209"]

1. e4 {[%clk 01:30:00]} {[%emt 00:00:05]} c6 {[%clk 01:30:00]} {[%emt
00:00:02]} 2. c4 {[%clk 01:29:45]} {[%emt 00:00:19]} d5 {[%clk 01:30:00]}
{[%emt 00:00:06]} 3. cxd5 {[%clk 01:29:42]} {[%emt 00:00:08]} cxd5 {[%clk
01:30:00]} {[%emt 00:00:03]} 4. exd5 {[%clk 01:29:30]} {[%emt 00:00:17]} Nf6
{[%clk 01:29:57]} {[%emt 00:00:08]} 5. Nc3 {[%clk 01:29:10]} {[%emt 00:00:25]}
Nxd5 {[%clk 01:29:49]} {[%emt 00:00:13]} 6. Nf3 {[%clk 01:29:04]} {[%emt
00:00:10]} Nc6 {[%clk 01:29:13]} {[%emt 00:00:42]} 7. Bc4 {[%clk 01:28:11]}
{[%emt 00:00:58]} e6 {[%clk 01:27:38]} {[%emt 00:01:40]} 8. O-O {[%clk
01:27:59]} {[%emt 00:00:17]} Be7 {[%clk 01:27:22]} {[%emt 00:00:20]} 9. d4
{[%clk 01:26:44]} {[%emt 00:01:20]} Nxc3 {[%clk 01:24:20]} {[%emt 00:03:08]} 10.
bxc3 {[%clk 01:26:37]} {[%emt 00:00:12]} O-O {[%clk 01:23:52]} {[%emt
00:00:33]} 11. Be3 {[%clk 01:25:19]} {[%emt 00:01:22]} b6 {[%clk 01:22:30]}
{[%emt 00:01:28]} 12. Qe2 {[%clk 01:18:48]} {[%emt 00:06:36]} Bb7 {[%clk
01:20:46]} {[%emt 00:01:49]} 13. Rfd1 {[%clk 01:18:00]} {[%emt 00:00:53]} Qc7
{[%clk 01:18:17]} {[%emt 00:02:35]} 14. Bd3 {[%clk 01:17:46]} {[%emt 00:00:18]}
Bf6 {[%clk 01:16:43]} {[%emt 00:01:39]} 15. Be4 {[%clk 01:13:37]} {[%emt
00:04:15]} Na5 {[%clk 01:12:32]} {[%emt 00:04:16]} 16. Bxb7 {[%clk 01:13:23]}
{[%emt 00:00:19]} Qxb7 {[%clk 01:11:27]} {[%emt 00:01:09]} 17. Bg5 {[%clk
01:12:48]} {[%emt 00:00:40]} Bxg5 {[%clk 01:08:42]} {[%emt 00:02:51]} 18. Nxg5
{[%clk 01:12:42]} {[%emt 00:00:11]} Qd5 {[%clk 01:07:32]} {[%emt 00:01:15]} 19.
Nh3 {[%clk 01:11:49]} {[%emt 00:00:57]} Rac8 {[%clk 01:01:05]} {[%emt
00:06:33]} 20. Rd3 {[%clk 01:11:21]} {[%emt 00:00:32]} Rc7 {[%clk 00:52:46]}
{[%emt 00:08:24]} 21. Rc1 {[%clk 01:09:44]} {[%emt 00:01:42]} Rfc8 {[%clk
00:50:00]} {[%emt 00:02:51]} 22. Rg3 {[%clk 01:09:15]} {[%emt 00:00:35]} Qxd4
{[%clk 00:45:40]} {[%emt 00:04:25]} 23. Qe1 {[%clk 01:07:31]} {[%emt 00:01:48]}
Qd5 {[%clk 00:41:47]} {[%emt 00:03:57]} 24. Kh1 {[%clk 01:06:04]} {[%emt
00:01:32]} Rd7 {[%clk 00:40:32]} {[%emt 00:01:21]} 25. Qe3 {[%clk 01:05:30]}
{[%emt 00:00:40]} Qd2 {[%clk 00:37:42]} {[%emt 00:02:54]} 26. Nf4 {[%clk
01:02:43]} {[%emt 00:02:52]} Rcd8 {[%clk 00:33:19]} {[%emt 00:04:28]} 27. h3
{[%clk 01:01:46]} {[%emt 00:01:01]} Qxc1+ {[%clk 00:32:13]} {[%emt 00:01:12]}
28. Qxc1 {[%clk 01:01:15]} {[%emt 00:00:35]} Rd1+ {[%clk 00:32:13]} {[%emt
00:00:02]} 29. Qxd1 {[%clk 01:01:15]} {[%emt 00:00:01]} Rxd1+ {[%clk 00:32:13]}
{[%emt 00:00:03]} 30. Kh2 {[%clk 01:01:15]} {[%emt 00:00:02]} Kf8 {[%clk
00:31:01]} {[%emt 00:01:15]} 31. Nd3 {[%clk 01:00:48]} {[%emt 00:00:34]} Rd2
{[%clk 00:29:44]} {[%emt 00:01:22]} 32. Nb4 {[%clk 01:00:32]} {[%emt 00:00:20]}
Rxf2 {[%clk 00:29:23]} {[%emt 00:00:26]} 33. Rd3 {[%clk 01:00:03]} {[%emt
00:00:34]} Ke7 {[%clk 00:29:10]} {[%emt 00:00:18]} 34. Rg3 {[%clk 00:57:49]}
{[%emt 00:02:18]} g6 {[%clk 00:28:46]} {[%emt 00:00:30]} 35. Rd3 {[%clk
00:57:43]} {[%emt 00:00:11]} Rf5 {[%clk 00:28:17]} {[%emt 00:00:34]} 36. h4
{[%clk 00:57:29]} {[%emt 00:00:20]} Rc5 {[%clk 00:27:42]} {[%emt 00:00:40]} 37.
Rg3 {[%clk 00:55:40]} {[%emt 00:01:54]} Nc6 {[%clk 00:27:10]} {[%emt 00:00:36]}
38. Nc2 {[%clk 00:55:35]} {[%emt 00:00:10]} Rc4 {[%clk 00:26:32]} {[%emt
00:00:43]} 39. Kh3 {[%clk 00:55:16]} {[%emt 00:00:25]} f5 {[%clk 00:25:50]}
{[%emt 00:00:47]} 40. Na3 {[%clk 00:53:51]} {[%emt 00:01:30]} Ra4 {[%clk
00:25:23]} {[%emt 00:00:32]} 41. c4 {[%clk 00:53:50]} {[%emt 00:00:06]} Nd4
{[%clk 00:24:22]} {[%emt 00:01:05]} 42. Rd3 {[%clk 00:53:22]} {[%emt 00:00:34]}
e5 {[%clk 00:23:47]} {[%emt 00:00:40]} 43. g3 {[%clk 00:53:10]} {[%emt
00:00:18]} Kd6 {[%clk 00:22:47]} {[%emt 00:01:01]} 44. g4 {[%clk 00:51:19]}
{[%emt 00:02:00]} f4 {[%clk 00:20:49]} {[%emt 00:02:03]} 45. h5 {[%clk
00:50:59]} {[%emt 00:00:24]} Kc5 {[%clk 00:20:29]} {[%emt 00:00:24]} 46. hxg6
{[%clk 00:50:47]} {[%emt 00:00:17]} hxg6 {[%clk 00:20:29]} {[%emt 00:00:02]} 47.
Kh4 {[%clk 00:50:27]} {[%emt 00:00:25]} e4 {[%clk 00:20:12]} {[%emt 00:00:22]}
0-1

[Event "National Elementary Championship"]
[Site "Columbus, Ohio, United States"]
[Date "2022.05.14"]
[Round "4.4"]
[White "Golsefidy, Sepehr"]
[Black "Rao, Anjaneya"]
[Result "1/2-1/2"]
[TimeControl "G/90;d5"]
[WhiteElo "2080"]
[BlackElo "1945"]

1. e4 {[%clk 01:30:00]} e6 {[%clk 01:29:57]} {[%emt 00:00:10]} 2. d4 {[%clk
01:30:00]} {[%emt 00:00:02]} d5 {[%clk 01:29:55]} {[%emt 00:00:07]} 3. e5
{[%clk 01:30:00]} {[%emt 00:00:05]} c5 {[%clk 01:29:50]} {[%emt 00:00:08]} 4.
c3 {[%clk 01:30:00]} {[%emt 00:00:02]} Nc6 {[%clk 01:29:48]} {[%emt 00:00:06]}
5. Nf3 {[%clk 01:30:00]} {[%emt 00:00:05]} Qb6 {[%clk 01:29:46]} {[%emt
00:00:07]} 6. Be2 {[%clk 01:30:00]} {[%emt 00:00:02]} cxd4 {[%clk 01:28:36]}
{[%emt 00:01:15]} 7. cxd4 {[%clk 01:30:00]} {[%emt 00:00:04]} Nh6 {[%clk
01:28:23]} {[%emt 00:00:17]} 8. Na3 {[%clk 01:15:49]} {[%emt 00:14:17]} Bxa3
{[%clk 01:24:58]} {[%emt 00:03:30]} 9. bxa3 {[%clk 01:07:08]} {[%emt 00:08:45]}
Nf5 {[%clk 01:20:18]} {[%emt 00:04:44]} 10. Be3 {[%clk 01:05:56]} {[%emt
00:01:19]} Nxe3 {[%clk 01:19:24]} {[%emt 00:01:00]} 11. fxe3 {[%clk 01:05:56]}
{[%emt 00:00:03]} Qa5+ {[%clk 01:18:40]} {[%emt 00:00:48]} 12. Qd2 {[%clk
01:05:33]} {[%emt 00:00:27]} Bd7 {[%clk 01:11:47]} {[%emt 00:06:58]} 13. O-O
{[%clk 00:57:56]} {[%emt 00:07:43]} Qxd2 {[%clk 01:05:47]} {[%emt 00:06:06]} 14.
Nxd2 {[%clk 00:57:52]} {[%emt 00:00:09]} O-O {[%clk 01:04:39]} {[%emt
00:01:12]} 15. Nb3 {[%clk 00:57:17]} {[%emt 00:00:38]} b6 {[%clk 00:57:39]}
{[%emt 00:07:07]} 16. Rac1 {[%clk 00:56:07]} {[%emt 00:01:15]} a5 {[%clk
00:55:07]} {[%emt 00:02:36]} 17. Nd2 {[%clk 00:54:47]} {[%emt 00:01:26]} Rfc8
{[%clk 00:44:00]} {[%emt 00:11:13]} 18. Rc2 {[%clk 00:42:13]} {[%emt 00:12:38]}
Ne7 {[%clk 00:38:40]} {[%emt 00:05:25]} 19. Rfc1 {[%clk 00:40:13]} {[%emt
00:02:05]} Rxc2 {[%clk 00:31:59]} {[%emt 00:06:46]} 20. Rxc2 {[%clk 00:40:11]}
{[%emt 00:00:07]} Rc8 {[%clk 00:31:46]} {[%emt 00:00:19]} 21. Rxc8+ {[%clk
00:28:37]} {[%emt 00:11:39]} Nxc8 {[%clk 00:31:36]} {[%emt 00:00:15]} 22. Kf2
{[%clk 00:24:25]} {[%emt 00:04:16]} Na7 {[%clk 00:27:51]} {[%emt 00:03:50]} 23.
Ke1 {[%clk 00:23:17]} {[%emt 00:01:13]} Bc6 {[%clk 00:16:28]} {[%emt 00:11:29]}
24. Kd1 {[%clk 00:21:17]} {[%emt 00:02:04]} Kf8 {[%clk 00:13:50]} {[%emt
00:02:42]} 25. Kc1 {[%clk 00:21:11]} {[%emt 00:00:12]} Ke7 {[%clk 00:10:45]}
{[%emt 00:03:10]} 26. Kb2 {[%clk 00:21:10]} {[%emt 00:00:06]} f6 {[%clk
00:09:47]} {[%emt 00:01:01]} 27. Nf3 {[%clk 00:20:04]} {[%emt 00:01:12]} Bb5
{[%clk 00:08:13]} {[%emt 00:01:40]} 28. Bxb5 {[%clk 00:18:36]} {[%emt
00:01:33]} Nxb5 {[%clk 00:08:10]} {[%emt 00:00:08]} 29. a4 {[%clk 00:17:57]}
{[%emt 00:00:44]} Na7 {[%clk 00:07:29]} {[%emt 00:00:45]} 30. g4 {[%clk
00:16:20]} {[%emt 00:01:43]} Nc6 {[%clk 00:06:16]} {[%emt 00:01:18]} 31. exf6+
{[%clk 00:15:10]} {[%emt 00:01:14]} Kxf6 {[%clk 00:05:48]} {[%emt 00:00:33]} 32.
h4 {[%clk 00:11:58]} {[%emt 00:03:17]} h6 {[%clk 00:05:34]} {[%emt 00:00:19]}
33. Kc3 {[%clk 00:09:36]} {[%emt 00:02:27]} g6 {[%clk 00:03:18]} {[%emt
00:02:21]} 34. a3 {[%clk 00:07:14]} {[%emt 00:02:28]} g5 {[%clk 00:02:55]}
{[%emt 00:00:27]} 35. h5 {[%clk 00:06:57]} {[%emt 00:00:22]} Ne7 {[%clk
00:02:04]} {[%emt 00:00:57]} 36. Ne5 {[%clk 00:06:53]} {[%emt 00:00:08]} Nc8
{[%clk 00:02:00]} {[%emt 00:00:08]} 37. Kd3 {[%clk 00:06:49]} {[%emt 00:00:09]}
Nd6 {[%clk 00:01:30]} {[%emt 00:00:36]} 38. Kd2 {[%clk 00:05:11]} {[%emt
00:01:43]} Ne4+ {[%clk 00:01:14]} {[%emt 00:00:21]} 39. Kc2 {[%clk 00:05:11]}
{[%emt 00:00:06]} Nd6 {[%clk 00:00:47]} {[%emt 00:00:32]} 40. Kd2 {[%clk
00:04:08]} {[%emt 00:01:07]} Ne4+ {[%clk 00:00:25]} {[%emt 00:00:28]} 41. Kc2
{[%clk 00:03:08]} {[%emt 00:01:05]} Nd6 {[%clk 00:00:18]} {[%emt 00:00:12]} 42.
Kc3 {[%clk 00:02:26]} {[%emt 00:00:48]} Ne4+ {[%clk 00:00:18]} {[%emt
00:00:05]} 43. Kc2 {[%clk 00:02:26]} {[%emt 00:00:03]} Nc5 {[%clk 00:00:16]}
{[%emt 00:03:22]} 44. Nc6 {[%emt 00:02:14]} 1/2-1/2

[Event "National Elementary Championship"]
[Site "Columbus, Ohio, United States"]
[Date "2022.05.14"]
[Round "4.5"]
[White "Kazan, Jude"]
[Black "Colville, Julian"]
[Result "0-1"]
[TimeControl "G/90;d5"]
[WhiteElo "1854"]
[BlackElo "1950"]

1. e4 {[%clk 01:30:00]} {[%emt 00:00:04]} c5 {[%clk 01:30:00]} {[%emt
00:00:03]} 2. a3 {[%clk 01:30:00]} Nf6 {[%clk 01:29:39]} {[%emt 00:00:40]} 3.
e5 {[%clk 01:29:31]} {[%emt 00:00:26]} Nd5 {[%clk 01:29:39]} 4. b4 {[%clk
01:28:41]} {[%emt 00:01:08]} cxb4 {[%clk 01:29:27]} {[%emt 00:00:19]} 5. axb4
{[%clk 01:28:41]} {[%emt 00:00:03]} d6 {[%clk 01:29:23]} 6. Nf3 {[%clk
01:24:58]} {[%emt 00:03:39]} dxe5 {[%clk 01:28:46]} {[%emt 00:00:47]} 7. Nxe5
{[%clk 01:19:58]} {[%emt 00:05:09]} Nxb4 {[%clk 01:28:39]} {[%emt 00:00:09]} 8.
c3 {[%clk 01:18:11]} {[%emt 00:01:52]} Qd5 {[%clk 01:28:05]} {[%emt 00:00:55]}
9. Qa4+ {[%clk 00:59:28]} {[%emt 00:18:26]} N4c6 {[%clk 01:21:21]} {[%emt
00:06:48]} 10. f4 {[%clk 00:56:28]} {[%emt 00:03:04]} Bd7 {[%clk 01:20:40]}
{[%emt 00:00:50]} 11. Bc4 {[%clk 00:43:17]} {[%emt 00:13:14]} Qe4+ {[%clk
01:13:05]} {[%emt 00:07:40]} 12. Kd1 {[%clk 00:40:20]} {[%emt 00:03:01]} e6
{[%clk 01:12:56]} {[%emt 00:00:16]} 13. Nxd7 {[%clk 00:34:33]} {[%emt
00:05:50]} Nxd7 {[%clk 01:12:13]} {[%emt 00:00:46]} 14. Qb5 {[%clk 00:26:58]}
{[%emt 00:07:41]} Nb6 {[%clk 01:11:05]} {[%emt 00:01:18]} 15. d3 {[%clk
00:23:18]} {[%emt 00:03:39]} Rd8 {[%clk 01:09:59]} {[%emt 00:01:10]} 16. Nd2
{[%clk 00:20:40]} {[%emt 00:02:48]} Qxg2 {[%clk 01:09:40]} {[%emt 00:00:24]} 17.
Re1 {[%clk 00:20:13]} {[%emt 00:00:28]} Nxc4 {[%clk 01:09:12]} {[%emt
00:00:32]} 18. dxc4 {[%clk 00:19:22]} {[%emt 00:01:06]} Rd7 {[%clk 01:07:45]}
{[%emt 00:01:25]} 19. f5 {[%clk 00:18:14]} {[%emt 00:01:10]} a6 {[%clk
01:06:54]} {[%emt 00:00:55]} 20. Rxa6 {[%clk 00:13:09]} {[%emt 00:05:11]} bxa6
{[%clk 01:06:38]} {[%emt 00:00:21]} 21. Qxa6 {[%clk 00:12:41]} {[%emt
00:00:39]} Nd8 {[%clk 01:05:25]} {[%emt 00:01:12]} 22. fxe6 {[%clk 00:11:27]}
{[%emt 00:01:20]} Nxe6 {[%clk 01:05:16]} {[%emt 00:00:18]} 23. Qc8+ {[%clk
00:10:18]} {[%emt 00:01:10]} Rd8 {[%clk 01:05:06]} {[%emt 00:00:15]} 24. Rxe6+
{[%clk 00:09:24]} {[%emt 00:01:08]} fxe6 {[%clk 01:04:58]} {[%emt 00:00:05]} 25.
Qxe6+ {[%clk 00:09:24]} {[%emt 00:00:04]} Be7 {[%clk 01:04:44]} {[%emt
00:00:20]} 26. c5 {[%clk 00:09:20]} {[%emt 00:00:07]} Qg1+ {[%clk 01:04:32]}
{[%emt 00:00:16]} 27. Ke2 {[%clk 00:09:01]} {[%emt 00:00:24]} Qxh2+ {[%clk
01:04:23]} {[%emt 00:00:45]} 28. Kd1 {[%clk 00:08:37]} Qg1+ {[%clk 01:04:15]}
{[%emt 00:00:09]} 29. Ke2 {[%clk 00:08:27]} {[%emt 00:00:15]} Qxc5 {[%clk
01:03:59]} {[%emt 00:00:21]} 30. Ne4 {[%clk 00:07:41]} {[%emt 00:00:52]} Qd5
{[%clk 01:03:48]} {[%emt 00:00:17]} 31. Qg4 {[%clk 00:07:02]} {[%emt 00:00:43]}
Qd1+ {[%clk 01:03:46]} {[%emt 00:00:21]} 32. Kf2 {[%clk 00:07:02]} Qxg4 {[%clk
01:03:37]} {[%emt 00:00:04]} 33. Nf6+ {[%clk 00:07:02]} {[%emt 00:00:03]} Bxf6
{[%clk 01:03:15]} {[%emt 00:00:22]} 34. Bg5 {[%clk 00:07:02]} {[%emt 00:00:20]}
Rd2+ {[%clk 01:02:49]} {[%emt 00:00:16]} 35. Bxd2 {[%clk 00:07:02]} {[%emt
00:00:08]} Bh4+ {[%clk 01:02:44]} {[%emt 00:00:07]} 36. Ke3 {[%clk 00:06:59]}
{[%emt 00:00:06]} O-O {[%clk 01:02:35]} {[%emt 00:00:17]} 37. Be1 {[%clk
00:06:55]} {[%emt 00:00:06]} Re8+ {[%clk 01:02:33]} {[%emt 00:00:10]} 38. Kd2
{[%clk 00:06:52]} {[%emt 00:00:05]} Qe2+ {[%clk 01:02:28]} {[%emt 00:00:07]} 39.
Kc1 {[%clk 00:06:52]} {[%emt 00:00:32]} Bg5+ {[%clk 01:01:50]} {[%emt
00:00:15]} 40. Bd2 {[%clk 00:06:40]} {[%emt 00:00:17]} Qxd2+ {[%clk 01:01:48]}
{[%emt 00:00:09]} 41. Kb1 {[%clk 00:06:40]} {[%emt 00:00:04]} Re1# 0-1